Список артистов драматической труппы императорских московских театров, 1913 год

Доступно только в Электронных читальных залах Найти на картеНа карте
RUSMARC
00003516nmc2a22002413x 450
00108f719a4-fc68-4fe8-bdc4-f31f43e6c7cc
00520240724041916.0
100##$a20240130l18621919k l0rusy0189 ca
1010#$arus
102##$aRU
105##$ay###
1222#$ad
2001#$aСписок артистов драматической труппы императорских московских театров, 1913 год
$j1862-1919 гг.
215##$a108 л.
$d36,5х26 см
251##$cДело
300##$aСписки личного состава
371##$aДокумент не является опубликованным и широко распространяемым
461#0$10019264ebf8-de62-4f1a-9eb4-9f22098dbbd5
$12001
$aДирекция императорских театров Министерства императорского двора
$1251
$cФонд
$1852
$j497
462#0$10011e500ace-9463-4c53-a846-ce9b635c85e3
$12001
$aДирекция императорских театров (1804-1917 гг.)
$1251
$cОпись
$1852
$j18
801#0$aRU
$bРГИА
$c20240130
$gRCR
801#1$aRU
$bГлавНИВЦ
$c20240130
$2rusmarc
801#2$aRU
$bПБ им. Б.Н. Ельцина
$c20240724
$gRCR
$2rusmarc
850##$aРГИА
852##$aРГИА
$eФедеральное казенное учреждение "Российский государственный исторический архив" (РГИА)
$j547
937##$hРГИА
$d12411098
$aASBIBLIO_SCAN
035##$aRusGRCC00073643
856##$uhttp://readingroom.main.prlib.ru/item.aspx?id_node=n193102784&mode=full
Формат отображения